ბათუმის შოთა რუსთაველის სახელმწიფო უნივერსიტეტის ბიბლიოთეკა

ინგლისი, ინგლისი (ბიბ.ჩანაწერი № 51544)

000 -LEADER
fixed length control field 01342nam a2200253Ia 4500
001 - CONTROL NUMBER
control field 18535
003 - CONTROL NUMBER IDENTIFIER
control field GE_BSU
008 - FIXED-LENGTH DATA ELEMENTS--GENERAL INFORMATION
fixed length control field 181216s||||||||xx |||||||||||||| ||und||
020 ## - INTERNATIONAL STANDARD BOOK NUMBER
International Standard Book Number 9789941114991
040 ## - CATALOGING SOURCE
Transcribing agency GE_BSU
080 ## - UNIVERSAL DECIMAL CLASSIFICATION NUMBER
Universal Decimal Classification number 821.111(410)-31
100 ## - MAIN ENTRY--PERSONAL NAME
Personal name ბარნსი,ჯულიან.
245 ## - TITLE STATEMENT
Title ინგლისი, ინგლისი
245 ## - TITLE STATEMENT
Statement of responsibility, etc. იგნლისურიდან თარგმნეს ზაზა ჭილაძემ და გია ჭუმბურიძემ.
260 ## - PUBLICATION, DISTRIBUTION, ETC.
Place of publication, distribution, etc. თბილისი
260 ## - PUBLICATION, DISTRIBUTION, ETC.
Name of publisher, distributor, etc. დიოგენე
260 ## - PUBLICATION, DISTRIBUTION, ETC.
Date of publication, distribution, etc. 2015
300 ## - PHYSICAL DESCRIPTION
Extent 350გვ;20სმ.
653 ## - INDEX TERM--UNCONTROLLED
Uncontrolled term ბრიტანული მხატვრული ლიტერატურა
653 ## - INDEX TERM--UNCONTROLLED
Uncontrolled term ინგლისი, ინგლისი
653 ## - INDEX TERM--UNCONTROLLED
Uncontrolled term ინგლისი, ინგლისი” ცნობილი ბრიტანელი მწერლის, ჯულიან ბარნსის (1946) რომანია, რომელიც, კრიტიკოსთა აღიარებით, პოსტმოდერნული, სატირული და ანტიუტოპიური ლიტერატურის ნიმუშს წარმოადგენს.
942 ## - ADDED ENTRY ELEMENTS (KOHA)
Koha item type წიგნი
ეგზემპლარები
Withdrawn status Lost status Damaged status Not for loan Date acquired Barcode Date last seen Price effective from Koha item type
        2018-12-17 47938 2018-12-17 2018-12-17 წიგნი